• 首页
  • 本馆介绍
  • 公告通知
  • 最新文献
  • 馆藏检索
  • 电子资源
  • 读者导购
  • 参考咨询
  • 我的图书馆
  • 登录
  • 详细信息显示
  • 放入我的书架
  • 预约/预借图书
  • 作者相关作品
  • 分类相关作品
  • 丛书相关作品
  • 出版社相关作品

书目信息

  • 表格格式
  • 工作单格式
  • 卡片格式
题名:
马克思恩格斯列宁斯大林论文艺
    
 
作者: 马克思 著 ;北京大学中文系文艺理论教研室 编
分册:  
出版信息: 北京   人民文学出版社  1980
页数: 312页
开本: 21cm
丛书名:
单 册:
中图分类: A569.1
科图分类:
主题词: 文艺理论-马列著作 , 马列著作-文艺理论
电子资源:
ISBN:
000 00796nam0 2200253 45
001 0180005673
005 20060927174242.28
010    @dCNY0.88
091    @aCN@b10019.2412
100    @a19950628d1980 kmey0chiy0121 ea
101 0  @achi
102    @aCN@b110000
105    @ay z 000yy
200 10 @a马克思恩格斯列宁斯大林论文艺@Ama ke si en ge si lie ning si da lin lun wen yi@f马克思等著@g北京大学中文系文艺理论教研室编
210    @a北京@c人民文学出版社@d1980
215    @a312页@d21cm
606    @a文艺理论-马列著作
606    @a马列著作-文艺理论
690    @aA569.1@v3
701  1 @a马克思@Ama ke si@4著
712 02 @a北京大学中文系文艺理论教研室@Abei jing da xue zhong wen xi wen yi li lun jiao yan shi@4编
801  2 @aCN@bNLC@c20060927
801  0 @aCN@bTSSF
905    @dA569.1@e80
    
    马克思恩格斯列宁斯大林论文艺/马克思等著/北京大学中文系文艺理论教研室编.-北京:人民文学出版社,1980
    312页;21cm
    
    
    ISBN :CNY0.88
    
●
相关链接 在E读中查询图书 在五车中查询图书 在当当中查询图书 在豆瓣中查询图书


正题名:马克思恩格斯列宁斯大林论文艺     索取号:A569.1/80         预约/预借

序号 登录号 条形码 馆藏地/架位号 状态 备注
1 0422564   204225640   密集书库/ [索取号:A569.1/80] 在馆    
唐山师范学院图书馆 欢迎您!
大连网信软件有限公司© 版权所有